[Event "WCO2014"]
[Site "Tromso"]
[Date "2014.08.09"]
[Round "7.3"]
[WhiteID "3003973"]
[White "De San Vicente Sabrina"]
[BlackID "5600898"]
[Black "Farrugia Jamie"]
[Result "0-1"]
[LiveChessVersion "1.4.3"]
[BlackElo "1541"]
[WhiteElo "1687"]

1. d4 {[%clk 1:30:56]} d5 {[%clk 1:30:46]} 2. c4 {[%clk 1:31:18]} c6
{[%clk 1:31:07]} 3. cxd5 {[%clk 1:31:38]} cxd5 {[%clk 1:30:56]} 4. Nc3
{[%clk 1:31:59]} Nf6 {[%clk 1:24:20]} 5. Bf4 {[%clk 1:31:22]} e6 {[%clk 1:22:28]}
6. e3 {[%clk 1:30:44]} a6 {[%clk 1:10:33]} 7. Bd3 {[%clk 1:30:19]} Nc6
{[%clk 1:10:31]} 8. Rc1 {[%clk 1:22:52]} Be7 {[%clk 1:07:04]} 9. Nf3
{[%clk 1:20:09]} Nh5 {[%clk 0:53:14]} 10. Bg3 {[%clk 1:16:22]} Bf6
{[%clk 0:46:23]} 11. a3 {[%clk 1:06:53]} O-O {[%clk 0:41:07]} 12. Na4
{[%clk 0:51:19]} Re8 {[%clk 0:31:08]} 13. O-O {[%clk 0:41:50]} g6
{[%clk 0:23:01]} 14. Nc5 e5 {[%clk 0:18:43]} 15. Bxe5 {[%clk 0:31:51]} Nxe5
{[%clk 0:16:33]} 16. Nxe5 {[%clk 0:31:06]} Bxe5 {[%clk 0:11:50]} 17. dxe5
{[%clk 0:31:32]} Rxe5 {[%clk 0:08:45]} 18. Nb3 {[%clk 0:29:28]} Qh4
{[%clk 0:02:33]} 19. Be2 {[%clk 0:24:41]} Rg5 {[%clk 0:00:55]} 20. Bf3
{[%clk 0:24:06]} Nf6 {[%clk 0:00:49]} 21. Qd4 {[%clk 0:15:55]} Ng4
{[%clk 0:00:50]} 22. h3 {[%clk 0:12:10]} Ne5 {[%clk 0:01:14]} 23. Qxd5
{[%clk 0:09:11]} Bxh3 {[%clk 0:00:51]} 24. Qxb7 {[%clk 0:03:13]} Nxf3+
{[%clk 0:01:04]} 25. Qxf3 {[%clk 0:03:40]} Bxg2 {[%clk 0:00:59]} 0-1

[Event "WCO2014"]
[Site "Tromso"]
[Date "2014.08.09"]
[Round "7.4"]
[WhiteID "5601703"]
[White "Axiaq Ariana"]
[BlackID "3005666"]
[Black "Costa Anaclara"]
[Result "0-1"]
[LiveChessVersion "1.4.3"]
[BlackElo "1658"]
[WhiteElo "1346"]

1. e4 {[%clk 1:30:58]} e6 {[%clk 1:30:55]} 2. d3 {[%clk 1:31:18]} d5
{[%clk 1:31:20]} 3. Nd2 {[%clk 1:31:41]} c5 {[%clk 1:31:45]} 4. Ngf3
{[%clk 1:31:25]} Nc6 {[%clk 1:32:08]} 5. g3 {[%clk 1:30:35]} g6 {[%clk 1:32:25]}
6. c3 {[%clk 1:29:58]} Bg7 {[%clk 1:32:27]} 7. Bg2 {[%clk 1:29:09]} Nge7
{[%clk 1:32:32]} 8. O-O {[%clk 1:28:26]} b6 {[%clk 1:32:12]} 9. Re1
{[%clk 1:26:08]} a5 {[%clk 1:31:26]} 10. h4 {[%clk 1:21:21]} h6 {[%clk 1:31:06]}
11. e5 {[%clk 1:18:43]} Qc7 {[%clk 1:29:45]} 12. d4 {[%clk 1:17:15]} cxd4
{[%clk 1:27:33]} 13. cxd4 {[%clk 1:17:26]} Nb4 {[%clk 1:27:46]} 14. Re3
{[%clk 1:12:57]} Qc2 {[%clk 1:09:21]} 15. Qf1 {[%clk 1:05:48]} Ba6
{[%clk 1:08:39]} 16. Qe1 {[%clk 0:54:52]} Nd3 {[%clk 1:06:23]} 17. Rxd3
{[%clk 0:54:35]} Bxd3 {[%clk 1:01:24]} 18. Nf1 {[%clk 0:50:22]} Rc8
{[%clk 0:50:15]} 19. b3 {[%clk 0:45:18]} O-O {[%clk 0:37:07]} 20. Ne3
{[%clk 0:38:32]} Qe2 {[%clk 0:35:22]} 21. Qxe2 {[%clk 0:38:10]} Bxe2
{[%clk 0:35:45]} 22. Ba3 {[%clk 0:34:53]} Rfe8 {[%clk 0:35:54]} 23. Ne1
{[%clk 0:23:14]} h5 {[%clk 0:29:43]} 24. Bd6 {[%clk 0:15:56]} Rc6
{[%clk 0:27:04]} 25. Rb1 {[%clk 0:10:28]} Bh6 {[%clk 0:24:06]} 26. Rb2
{[%clk 0:08:51]} Ba6 {[%clk 0:22:03]} 27. Rc2 {[%clk 0:02:49]} Rxc2
{[%clk 0:19:44]} 28. N3xc2 {[%clk 0:03:05]} Nf5 {[%clk 0:16:32]} 29. Bc7
{[%clk 0:01:18]} Rc8 {[%clk 0:15:15]} 30. Bxb6 {[%clk 0:01:39]} Bd2
{[%clk 0:15:42]} 31. Bc5 {[%clk 0:01:17]} Bxe1 {[%clk 0:11:26]} 32. Nxe1
{[%clk 0:00:41]} Nxd4 {[%clk 0:11:52]} 33. Bxd4 {[%clk 0:00:36]} Rc1 0-1

[Event "WCO2014"]
[Site "Tromso"]
[Date "2014.08.09"]
[Round "7.44"]
[WhiteID "9905049"]
[White "Chandrasiri S A K"]
[BlackID "2114160"]
[Black "Feliciano Ebert Vanessa"]
[Result "0-1"]
[LiveChessVersion "1.4.3"]
[BlackElo "2226"]
[WhiteElo "1777"]

1. d4 {[%clk 1:30:55]} Nf6 {[%clk 1:30:53]} 2. c4 {[%clk 1:31:19]} e6
{[%clk 1:31:18]} 3. Nf3 {[%clk 1:31:27]} d5 {[%clk 1:31:27]} 4. e3
{[%clk 1:31:27]} c6 {[%clk 1:26:13]} 5. cxd5 {[%clk 1:30:51]} exd5
{[%clk 1:25:53]} 6. Bd3 {[%clk 1:29:20]} Bd6 {[%clk 1:24:50]} 7. O-O
{[%clk 1:29:26]} Nbd7 {[%clk 1:18:16]} 8. Qc2 {[%clk 1:25:20]} O-O
{[%clk 1:15:22]} 9. Nc3 {[%clk 1:20:08]} Re8 {[%clk 1:14:14]} 10. Re1
{[%clk 1:19:18]} h6 {[%clk 1:10:17]} 11. Bd2 {[%clk 1:15:35]} Nf8
{[%clk 1:02:57]} 12. e4 {[%clk 1:09:54]} dxe4 {[%clk 1:03:14]} 13. Nxe4
{[%clk 1:10:18]} Nxe4 {[%clk 1:03:06]} 14. Rxe4 {[%clk 1:09:36]} Rxe4
{[%clk 0:56:04]} 15. Bxe4 {[%clk 1:09:59]} Be6 {[%clk 0:56:18]} 16. Bc3
{[%clk 1:00:41]} Nd7 {[%clk 0:54:20]} 17. Bf5 {[%clk 0:58:58]} Bd5
{[%clk 0:52:48]} 18. Be4 {[%clk 0:54:42]} Nf6 {[%clk 0:49:32]} 19. Bxd5
{[%clk 0:54:12]} Nxd5 {[%clk 0:48:52]} 20. Re1 {[%clk 0:53:14]} Qc7
{[%clk 0:45:46]} 21. Bd2 {[%clk 0:52:03]} Rd8 {[%clk 0:45:13]} 22. Qf5
{[%clk 0:49:50]} Qc8 {[%clk 0:32:21]} 23. Qe4 {[%clk 0:46:22]} Nf6
{[%clk 0:31:46]} 24. Qh4 {[%clk 0:44:56]} Qf5 {[%clk 0:28:30]} 25. Bc3
{[%clk 0:35:10]} Bf8 {[%clk 0:20:56]} 26. Ne5 {[%clk 0:31:37]} Rc8
{[%clk 0:13:49]} 27. Qg3 {[%clk 0:29:58]} Nd5 {[%clk 0:13:27]} 28. Nc4
{[%clk 0:29:23]} Rd8 {[%clk 0:11:42]} 29. Ne3 {[%clk 0:28:34]} Qd7
{[%clk 0:10:44]} 30. Ng4 {[%clk 0:27:54]} Qd6 {[%clk 0:09:36]} 31. Re5
{[%clk 0:24:59]} Qg6 {[%clk 0:07:42]} 32. Re1 {[%clk 0:21:13]} h5
{[%clk 0:06:08]} 33. Ne5 Qxg3 {[%clk 0:06:30]} 34. hxg3 {[%clk 0:17:02]} g6
{[%clk 0:06:37]} 35. Kf1 {[%clk 0:16:49]} Kg7 {[%clk 0:06:07]} 36. Ke2
{[%clk 0:16:51]} f6 {[%clk 0:06:13]} 37. Nf3 {[%clk 0:16:34]} Kf7
{[%clk 0:06:01]} 38. Kd3 {[%clk 0:15:13]} Bd6 {[%clk 0:06:02]} 39. Kc2
{[%clk 0:15:09]} Bc7 {[%clk 0:06:12]} 40. Nd2 {[%clk 0:13:09]} Ne7
{[%clk 0:04:18]} 41. Ne4 {[%clk 0:12:34]} b6 {[%clk 0:02:53]} 42. Rd1
{[%clk 0:10:53]} Nf5 {[%clk 0:02:35]} 43. b3 {[%clk 0:01:21]} Re8
{[%clk 0:23:03]} 44. Kd3 {[%clk 0:32:20]} Ne7 {[%clk 0:20:34]} 45. Bb2
{[%clk 0:29:04]} Nd5 {[%clk 0:20:53]} 46. Nc3 {[%clk 0:27:59]} Nb4+
{[%clk 0:19:30]} 47. Kd2 {[%clk 0:28:20]} Rd8 {[%clk 0:19:31]} 48. Kc1
{[%clk 0:28:38]} Bd6 {[%clk 0:16:15]} 49. a3 {[%clk 0:26:23]} Nd5
{[%clk 0:16:40]} 50. Nxd5 {[%clk 0:26:34]} cxd5 {[%clk 0:17:06]} 51. Kd2
{[%clk 0:26:17]} g5 {[%clk 0:16:43]} 52. Kd3 {[%clk 0:24:15]} Rc8
{[%clk 0:15:33]} 53. Rc1 {[%clk 0:24:02]} Rxc1 {[%clk 0:15:15]} 54. Bxc1
{[%clk 0:24:28]} Ke6 {[%clk 0:15:33]} 55. Ke3 {[%clk 0:24:02]} f5
{[%clk 0:14:07]} 56. Kf3 {[%clk 0:22:12]} Kf6 {[%clk 0:13:59]} 57. b4
{[%clk 0:22:08]} a6 {[%clk 0:13:22]} 58. Bd2 {[%clk 0:22:22]} Kg6
{[%clk 0:13:26]} 59. Bc1 {[%clk 0:22:20]} Be7 {[%clk 0:13:29]} 60. Bd2
{[%clk 0:21:37]} Kf6 {[%clk 0:13:23]} 61. a4 {[%clk 0:19:11]} b5 {[%clk 0:13:42]}
62. axb5 {[%clk 0:19:29]} axb5 {[%clk 0:14:08]} 63. Ke3 {[%clk 0:19:29]} Bd6
{[%clk 0:14:12]} 64. f4 {[%clk 0:18:29]} h4 {[%clk 0:12:21]} 65. gxh4
{[%clk 0:07:51]} Bxf4+ {[%clk 0:12:42]} 66. Ke2 {[%clk 0:08:02]} Bxd2
{[%clk 0:13:04]} 67. Kxd2 {[%clk 0:08:28]} gxh4 {[%clk 0:13:28]} 68. Ke3
{[%clk 0:08:27]} Kg5 {[%clk 0:13:52]} 69. Kf3 {[%clk 0:08:52]} f4
{[%clk 0:14:12]} 0-1

[Event "WCO2014"]
[Site "Tromso"]
[Date "2014.08.09"]
[Round "7.43"]
[WhiteID "2109220"]
[White "Terao Juliana Sayumi"]
[BlackID "9900888"]
[Black "Methmali Y."]
[Result "1-0"]
[LiveChessVersion "1.4.3"]
[BlackElo "1727"]
[WhiteElo "2222"]

1. e4 {[%clk 1:30:56]} d5 {[%clk 1:30:55]} 2. exd5 {[%clk 1:31:09]} Qxd5
{[%clk 1:31:21]} 3. Nc3 {[%clk 1:31:24]} Qd6 {[%clk 1:31:48]} 4. d4
{[%clk 1:31:19]} Nf6 {[%clk 1:31:46]} 5. Nf3 {[%clk 1:30:48]} a6 {[%clk 1:32:02]}
6. g3 {[%clk 1:30:25]} Bg4 {[%clk 1:31:32]} 7. Bg2 {[%clk 1:30:36]} Nc6
{[%clk 1:31:51]} 8. O-O {[%clk 1:27:09]} O-O-O {[%clk 1:31:13]} 9. d5
{[%clk 1:22:57]} Ne5 {[%clk 1:26:12]} 10. Bf4 {[%clk 1:21:28]} Nxf3+
{[%clk 1:25:16]} 11. Bxf3 {[%clk 1:21:51]} Bxf3 {[%clk 1:25:40]} 12. Qxf3
{[%clk 1:22:10]} e5 {[%clk 1:24:47]} 13. dxe6 {[%clk 1:22:14]} Qxe6
{[%clk 1:25:07]} 14. Bg5 {[%clk 1:17:39]} h6 {[%clk 1:10:29]} 15. Bxf6
{[%clk 1:04:33]} gxf6 {[%clk 1:10:45]} 16. Rfe1 {[%clk 1:01:51]} Qh3
{[%clk 1:03:48]} 17. Qxf6 {[%clk 0:56:24]} Bc5 {[%clk 1:00:40]} 18. Rad1
{[%clk 0:50:47]} Rdg8 {[%clk 0:40:53]} 19. Re5 {[%clk 0:37:09]} Bd6
{[%clk 0:25:11]} 20. Rxd6 {[%clk 0:29:48]} cxd6 {[%clk 0:25:10]} 21. Qxd6
{[%clk 0:30:12]} Qd7 {[%clk 0:17:10]} 22. Rc5+ {[%clk 0:30:31]} Kd8
{[%clk 0:17:29]} 23. Qf6+ {[%clk 0:30:51]} Ke8 {[%clk 0:16:14]} 24. Re5+
{[%clk 0:31:08]} Kf8 {[%clk 0:15:39]} 25. Rd5 {[%clk 0:31:28]} Qe7
{[%clk 0:10:59]} 26. Rd8+ {[%clk 0:31:47]} Qxd8 {[%clk 0:11:20]} 27. Qxd8+
{[%clk 0:32:11]} Kg7 {[%clk 0:11:43]} 28. Qd4+ {[%clk 0:32:27]} Kh7
{[%clk 0:10:54]} 29. Nd5 {[%clk 0:30:06]} Rd8 {[%clk 0:09:05]} 30. Nf6+
{[%clk 0:30:06]} Kg6 {[%clk 0:09:19]} 31. Nd7 {[%clk 0:29:52]} Kh7
{[%clk 0:06:51]} 32. Qe4+ {[%clk 0:30:04]} Kg7 {[%clk 0:06:34]} 33. Qg4+
{[%clk 0:30:27]} 1-0

[Event "WCO2014"]
[Site "Tromso"]
[Date "2014.08.09"]
[Round "7.42"]
[WhiteID "9907696"]
[White "Mendis Dasuni Hansika"]
[BlackID "2100622"]
[Black "Chaves Joara"]
[Result "0-1"]
[LiveChessVersion "1.4.3"]
[BlackElo "2026"]
[WhiteElo "1624"]

1. d4 {[%clk 1:30:50]} Nf6 {[%clk 1:30:33]} 2. c4 {[%clk 1:31:13]} g6
{[%clk 1:30:51]} 3. Nc3 {[%clk 1:31:39]} Bg7 {[%clk 1:31:07]} 4. e4
{[%clk 1:32:02]} d6 {[%clk 1:30:58]} 5. f3 {[%clk 1:32:27]} O-O {[%clk 1:31:20]}
6. Be3 {[%clk 1:32:53]} b6 {[%clk 1:31:11]} 7. Bd3 {[%clk 1:33:09]} a6
{[%clk 1:30:41]} 8. a4 {[%clk 1:32:03]} Nfd7 {[%clk 1:18:15]} 9. Qd2
{[%clk 1:18:49]} Re8 {[%clk 1:07:13]} 10. Rc1 {[%clk 0:50:06]} Nc6
{[%clk 0:57:47]} 11. Nge2 {[%clk 0:31:23]} Nb4 {[%clk 0:53:43]} 12. Bb1
{[%clk 0:29:33]} c5 {[%clk 0:53:17]} 13. Na2 {[%clk 0:27:26]} Nxa2
{[%clk 0:32:13]} 14. Bxa2 {[%clk 0:27:55]} Qc7 {[%clk 0:31:35]} 15. O-O
{[%clk 0:26:54]} Bb7 {[%clk 0:29:20]} 16. b4 {[%clk 0:23:32]} a5 {[%clk 0:25:45]}
17. bxc5 {[%clk 0:21:37]} bxc5 {[%clk 0:25:13]} 18. Rfd1 {[%clk 0:18:54]} Reb8
{[%clk 0:22:15]} 19. Bg5 {[%clk 0:15:18]} Kf8 {[%clk 0:19:57]} 20. Kh1
{[%clk 0:12:16]} Bc6 {[%clk 0:19:03]} 21. Qc2 {[%clk 0:11:24]} Rb4
{[%clk 0:18:12]} 22. Nc3 {[%clk 0:02:59]} Bxd4 {[%clk 0:15:46]} 23. Rxd4
{[%clk 0:02:11]} cxd4 {[%clk 0:15:56]} 24. Nb5 {[%clk 0:02:28]} Bxb5
{[%clk 0:12:25]} 25. axb5 {[%clk 0:02:28]} Nc5 {[%clk 0:10:31]} 26. Bd2
{[%clk 0:01:50]} e5 {[%clk 0:08:30]} 27. Bxb4 {[%clk 0:01:51]} axb4
{[%clk 0:08:53]} 28. Qd2 {[%clk 0:00:55]} b3 {[%clk 0:06:36]} 29. Bb1
{[%clk 0:01:02]} Ra1 {[%clk 0:06:35]} 30. f4 {[%clk 0:00:53]} Kg7
{[%clk 0:05:39]} 31. fxe5 {[%clk 0:00:48]} dxe5 {[%clk 0:06:05]} 32. Qb4
{[%clk 0:01:06]} Nd3 {[%clk 0:05:02]} 33. b6 {[%clk 0:00:53]} Qb8
{[%clk 0:04:52]} 34. Qxb3 {[%clk 0:00:35]} Nxc1 35. Qb2 Ra6 {[%clk 0:04:04]} 36.
c5 {[%clk 0:01:14]} Qb7 {[%clk 0:03:13]} 37. Qxc1 {[%clk 0:01:38]} Qc6
{[%clk 0:03:05]} 38. Qc4 {[%clk 0:01:06]} Ra1 {[%clk 0:03:05]} 39. Qb3
{[%clk 0:00:43]} Qxc5 {[%clk 0:02:58]} 40. Qb2 {[%clk 0:01:06]} Qc3 0-1

[Event "WCO2014"]
[Site "Tromso"]
[Date "2014.08.09"]
[Round "7.41"]
[WhiteID "2105985"]
[White "Chang Suzana"]
[BlackID "9902759"]
[Black "Thilakawardana Supeshala"]
[Result "0-1"]
[LiveChessVersion "1.4.3"]
[BlackElo "1729"]
[WhiteElo "1991"]

1. d4 {[%clk 1:30:55]} Nf6 {[%clk 1:30:56]} 2. c4 {[%clk 1:31:20]} e6
{[%clk 1:31:23]} 3. Nf3 {[%clk 1:31:45]} b6 {[%clk 1:31:17]} 4. g3
{[%clk 1:31:55]} Bb7 {[%clk 1:31:01]} 5. Bg2 {[%clk 1:32:20]} Bb4+
{[%clk 1:29:35]} 6. Bd2 {[%clk 1:32:29]} Qe7 {[%clk 1:29:23]} 7. O-O
{[%clk 1:32:17]} O-O {[%clk 1:28:20]} 8. Nc3 {[%clk 1:31:25]} d6 {[%clk 1:25:11]}
9. Rc1 {[%clk 1:21:28]} Bxc3 {[%clk 1:21:33]} 10. Bxc3 {[%clk 1:21:46]} Nbd7
{[%clk 1:21:52]} 11. Ne1 {[%clk 1:04:20]} Ne4 {[%clk 1:15:22]} 12. d5
{[%clk 0:57:31]} Nxc3 {[%clk 1:13:57]} 13. Rxc3 {[%clk 0:57:41]} e5
{[%clk 1:14:07]} 14. e4 {[%clk 0:52:26]} Rae8 {[%clk 1:03:57]} 15. b4
{[%clk 0:46:20]} f5 {[%clk 1:00:36]} 16. exf5 {[%clk 0:44:51]} Rxf5
{[%clk 0:50:02]} 17. Ra3 {[%clk 0:41:41]} a6 {[%clk 0:48:50]} 18. c5
{[%clk 0:36:23]} bxc5 {[%clk 0:47:27]} 19. bxc5 {[%clk 0:34:01]} Nxc5
{[%clk 0:47:18]} 20. Qb1 {[%clk 0:30:40]} e4 {[%clk 0:41:42]} 21. f3
{[%clk 0:28:44]} Bxd5 {[%clk 0:39:12]} 22. fxe4 {[%clk 0:27:59]} Rxf1+
{[%clk 0:39:34]} 23. Kxf1 {[%clk 0:28:18]} Bxe4 {[%clk 0:36:18]} 24. Bxe4
{[%clk 0:28:24]} Nxe4 {[%clk 0:35:44]} 25. Nf3 {[%clk 0:26:11]} Nd2+
{[%clk 0:26:57]} 0-1

[Event "WCO2014"]
[Site "Tromso"]
[Date "2014.08.09"]
[Round "7.21"]
[WhiteID "4001249"]
[White "Steil-Antoni Fiona"]
[BlackID "1800183"]
[Black "Richmond Jane"]
[Result "1/2-1/2"]
[LiveChessVersion "1.4.3"]
[BlackElo "2085"]
[WhiteElo "2112"]

1. e4 {[%clk 1:30:58]} e6 {[%clk 1:30:55]} 2. d4 {[%clk 1:29:52]} d5
{[%clk 1:31:19]} 3. Nc3 {[%clk 1:30:19]} Nf6 {[%clk 1:31:40]} 4. Bg5
{[%clk 1:30:29]} Be7 {[%clk 1:32:04]} 5. e5 {[%clk 1:30:39]} Nfd7
{[%clk 1:32:30]} 6. Bxe7 {[%clk 1:31:00]} Qxe7 {[%clk 1:32:56]} 7. f4
{[%clk 1:30:49]} a6 {[%clk 1:33:19]} 8. Nf3 {[%clk 1:31:04]} c5 {[%clk 1:33:44]}
9. Qd2 {[%clk 1:28:43]} Nc6 {[%clk 1:34:07]} 10. Ne2 {[%clk 1:27:17]} f6
{[%clk 1:24:11]} 11. c3 {[%clk 1:25:39]} O-O {[%clk 1:22:55]} 12. g3
{[%clk 1:21:11]} fxe5 {[%clk 1:10:51]} 13. dxe5 {[%clk 1:18:44]} Nb6
{[%clk 1:04:31]} 14. b3 {[%clk 1:17:06]} Bd7 {[%clk 1:04:26]} 15. Bg2
{[%clk 1:16:26]} Be8 {[%clk 1:02:34]} 16. O-O {[%clk 1:16:10]} Rd8
{[%clk 1:01:17]} 17. Rad1 {[%clk 1:15:43]} Bh5 {[%clk 1:00:25]} 18. Nc1
{[%clk 1:14:30]} Kh8 {[%clk 0:44:56]} 19. Qf2 {[%clk 1:09:16]} Nd7
{[%clk 0:44:22]} 20. h3 {[%clk 1:05:54]} Bxf3 {[%clk 0:41:50]} 21. Bxf3
{[%clk 1:06:13]} g5 {[%clk 0:41:59]} 22. Ne2 {[%clk 1:03:43]} Rg8
{[%clk 0:31:46]} 23. Kh2 {[%clk 1:01:24]} Rdf8 {[%clk 0:29:57]} 24. c4
{[%clk 0:53:40]} d4 {[%clk 0:29:04]} 25. Bxc6 {[%clk 0:49:51]} bxc6
{[%clk 0:29:29]} 26. Qg2 {[%clk 0:44:41]} gxf4 {[%clk 0:23:20]} 27. Nxf4
{[%clk 0:45:04]} Nxe5 {[%clk 0:23:26]} 28. Rde1 {[%clk 0:44:36]} Rxf4
{[%clk 0:23:00]} 29. Rxf4 {[%clk 0:38:26]} Nd3 {[%clk 0:23:13]} 30. Rff1
{[%clk 0:38:32]} Nxe1 {[%clk 0:22:55]} 31. Rxe1 {[%clk 0:39:00]} Qd6
{[%clk 0:20:47]} 32. h4 {[%clk 0:37:47]} d3 {[%clk 0:17:38]} 33. Rd1
{[%clk 0:36:32]} Qd4 {[%clk 0:09:15]} 34. Qf3 {[%clk 0:33:30]} Rd8
{[%clk 0:09:31]} 35. Rxd3 {[%clk 0:27:02]} Qxd3 {[%clk 0:09:44]} 36. Qf6+
{[%clk 0:27:26]} Kg8 {[%clk 0:10:08]} 37. Qxe6+ {[%clk 0:27:46]} Kg7
{[%clk 0:10:07]} 38. Qe7+ {[%clk 0:27:44]} Kg6 {[%clk 0:09:18]} 39. Qe6+
{[%clk 0:27:32]} Kg7 {[%clk 0:08:02]} 40. Qe7+ {[%clk 0:27:55]} Kg6
{[%clk 0:08:27]} 41. Qe6+ {[%clk 0:28:18]} Kg7 1/2-1/2

[Event "WCO2014"]
[Site "Tromso"]
[Date "2014.08.09"]
[Round "7.22"]
[WhiteID "411850"]
[White "Smith Olivia"]
[BlackID "4002440"]
[Black "Biryukov Alice"]
[Result "1-0"]
[LiveChessVersion "1.4.3"]
[BlackElo "1941"]
[WhiteElo "1968"]

1. e4 {[%clk 1:30:58]} e5 {[%clk 1:30:53]} 2. Nf3 {[%clk 1:31:18]} Nc6
{[%clk 1:31:15]} 3. Nc3 {[%clk 1:31:20]} Nf6 {[%clk 1:31:24]} 4. d4
{[%clk 1:31:02]} exd4 {[%clk 1:28:45]} 5. Nxd4 {[%clk 1:31:26]} Bb4
{[%clk 1:25:24]} 6. Nxc6 {[%clk 1:31:48]} bxc6 {[%clk 1:24:33]} 7. Bd3
{[%clk 1:32:12]} O-O {[%clk 1:21:52]} 8. O-O {[%clk 1:32:23]} Re8
{[%clk 1:09:26]} 9. Qf3 {[%clk 1:28:23]} h6 {[%clk 0:57:10]} 10. Bf4
{[%clk 1:24:45]} d6 {[%clk 0:51:05]} 11. h3 {[%clk 1:24:18]} Be6 {[%clk 0:48:48]}
12. Ne2 {[%clk 1:21:12]} Bc5 {[%clk 0:47:23]} 13. Rad1 {[%clk 1:17:51]} Qe7
{[%clk 0:45:08]} 14. e5 {[%clk 1:04:36]} dxe5 {[%clk 0:38:49]} 15. Bxe5
{[%clk 1:04:24]} Nd5 {[%clk 0:27:18]} 16. Qg3 {[%clk 0:58:26]} f6
{[%clk 0:26:34]} 17. Bd4 {[%clk 0:57:00]} Bf7 {[%clk 0:24:35]} 18. Bxc5
{[%clk 0:55:38]} Qxc5 {[%clk 0:24:57]} 19. Nd4 {[%clk 0:55:13]} Kh8
{[%clk 0:18:00]} 20. Nf5 {[%clk 0:52:10]} Qf8 {[%clk 0:17:40]} 21. Nh4
{[%clk 0:51:55]} g5 {[%clk 0:14:13]} 22. Ng6+ {[%clk 0:45:56]} Bxg6
{[%clk 0:14:30]} 23. Bxg6 {[%clk 0:46:21]} Nf4 {[%clk 0:13:21]} 24. Bd3
{[%clk 0:45:57]} Rad8 {[%clk 0:11:57]} 25. Qf3 {[%clk 0:45:17]} Qg7
{[%clk 0:07:50]} 26. Kh2 {[%clk 0:42:01]} Ne6 {[%clk 0:05:29]} 27. c3
{[%clk 0:38:45]} Nf4 {[%clk 0:03:49]} 28. g3 {[%clk 0:35:36]} Nd5
{[%clk 0:02:27]} 29. Be4 {[%clk 0:33:36]} Qf7 {[%clk 0:01:07]} 30. c4
{[%clk 0:30:36]} Ne7 {[%clk 0:00:56]} 31. b3 {[%clk 0:29:46]} Qe6
{[%clk 0:00:46]} 32. Rde1 {[%clk 0:27:20]} Qf7 {[%clk 0:00:47]} 33. Bxc6
{[%clk 0:25:29]} Nxc6 {[%clk 0:01:13]} 34. Qxc6 {[%clk 0:25:50]} Rxe1
{[%clk 0:01:30]} 35. Rxe1 {[%clk 0:26:00]} Rd2 {[%clk 0:01:29]} 36. Qe8+
{[%clk 0:25:17]} Qxe8 {[%clk 0:01:51]} 37. Rxe8+ {[%clk 0:25:43]} Kg7
{[%clk 0:02:12]} 38. Kg2 {[%clk 0:26:04]} Rxa2 {[%clk 0:01:11]} 39. Re7+
{[%clk 0:26:26]} Kg6 {[%clk 0:01:34]} 40. Rxc7 {[%clk 0:26:50]} Rb2
{[%clk 0:01:34]} 41. Rb7 {[%clk 0:25:49]} Kf5 {[%clk 0:30:47]} 42. b4
{[%clk 0:54:45]} Ke6 {[%clk 0:29:02]} 43. b5 {[%clk 0:53:47]} Kd6
{[%clk 0:27:53]} 44. Rxa7 {[%clk 0:54:01]} Rb4 {[%clk 0:27:52]} 45. Ra6+
{[%clk 0:54:12]} Kc5 {[%clk 0:27:57]} 46. Rc6+ {[%clk 0:53:07]} Kd4
{[%clk 0:28:20]} 47. Rxf6 {[%clk 0:51:24]} Kxc4 {[%clk 0:28:29]} 48. Rxh6
{[%clk 0:51:45]} Rxb5 {[%clk 0:28:46]} 49. Rh5 {[%clk 0:52:10]} Ra5
{[%clk 0:26:48]} 1-0

[Event "WCO2014"]
[Site "Tromso"]
[Date "2014.08.09"]
[Round "7.23"]
[WhiteID "4002970"]
[White "Kremer Nadine"]
[BlackID "414930"]
[Black "Blackburn Suzie G."]
[Result "1/2-1/2"]
[LiveChessVersion "1.4.3"]
[BlackElo "1971"]
[WhiteElo "1844"]

1. e4 {[%clk 1:30:58]} e6 {[%clk 1:30:52]} 2. Nf3 {[%clk 1:31:24]} d5
{[%clk 1:30:46]} 3. Nc3 {[%clk 1:31:47]} Nf6 {[%clk 1:31:01]} 4. e5
{[%clk 1:32:11]} Nfd7 {[%clk 1:31:27]} 5. d4 {[%clk 1:32:35]} c5 {[%clk 1:31:44]}
6. dxc5 {[%clk 1:32:57]} Nc6 {[%clk 1:32:09]} 7. Bf4 {[%clk 1:33:19]} a6
{[%clk 1:32:04]} 8. a3 {[%clk 1:23:41]} Bxc5 {[%clk 1:32:11]} 9. Bd3
{[%clk 1:18:09]} f6 {[%clk 1:32:09]} 10. exf6 {[%clk 1:16:33]} Qxf6
{[%clk 1:32:23]} 11. Bg3 {[%clk 1:16:03]} h6 {[%clk 1:17:21]} 12. Qe2
{[%clk 1:13:49]} O-O {[%clk 1:16:36]} 13. O-O {[%clk 1:13:23]} Nd4
{[%clk 1:11:47]} 14. Nxd4 {[%clk 1:07:38]} Bxd4 {[%clk 1:11:30]} 15. Nd1
{[%clk 1:07:58]} Nc5 {[%clk 1:05:13]} 16. c3 {[%clk 1:06:22]} Nxd3
{[%clk 1:04:12]} 17. Qxd3 {[%clk 1:06:38]} Ba7 {[%clk 1:01:30]} 18. Ne3
{[%clk 1:05:13]} h5 {[%clk 0:59:53]} 19. h3 {[%clk 1:02:29]} Bd7 {[%clk 0:59:15]}
20. Qd2 {[%clk 0:43:07]} Bb5 {[%clk 0:51:53]} 21. Rfe1 {[%clk 0:24:02]} Rad8
{[%clk 0:49:48]} 22. a4 {[%clk 0:21:23]} Bc6 {[%clk 0:49:19]} 23. b4
{[%clk 0:18:41]} d4 {[%clk 0:47:05]} 24. cxd4 {[%clk 0:16:25]} Bxd4
{[%clk 0:47:12]} 25. Ra3 {[%clk 0:15:29]} Be4 {[%clk 0:39:20]} 26. Qe2
{[%clk 0:13:15]} Bc3 {[%clk 0:37:28]} 27. Rd1 {[%clk 0:11:55]} Bxb4
{[%clk 0:35:23]} 28. Rxd8 {[%clk 0:11:06]} Rxd8 {[%clk 0:34:00]} 29. Rb3
{[%clk 0:08:43]} a5 {[%clk 0:31:40]} 30. Qxh5 {[%clk 0:05:14]} Qa1+
{[%clk 0:26:47]} 31. Kh2 {[%clk 0:05:42]} Qa2 {[%clk 0:19:11]} 32. Qg5
{[%clk 0:03:29]} Rd7 {[%clk 0:14:20]} 33. Qb5 {[%clk 0:02:04]} Qd2
{[%clk 0:10:15]} 34. Qc4 {[%clk 0:01:17]} Bg6 {[%clk 0:08:42]} 35. Ng4
{[%clk 0:00:59]} Qd5 {[%clk 0:08:14]} 36. Qxd5 {[%clk 0:00:43]} Rxd5
{[%clk 0:08:39]} 37. Re3 {[%clk 0:00:57]} Bf5 {[%clk 0:08:23]} 38. Ne5
{[%clk 0:00:36]} Rd2 {[%clk 0:08:03]} 39. Nc4 {[%clk 0:00:33]} Rc2
{[%clk 0:07:34]} 40. Nd6 {[%clk 0:00:37]} Bxd6 {[%clk 0:05:48]} 41. Bxd6
{[%clk 0:30:49]} Rxf2 {[%clk 0:36:32]} 42. Bc7 {[%clk 0:21:08]} Ra2
{[%clk 0:36:04]} 43. Bxa5 {[%clk 0:21:22]} Rxa4 {[%clk 0:36:15]} 44. Bc7
{[%clk 0:20:57]} Be4 {[%clk 0:35:03]} 45. g4 {[%clk 0:19:32]} Kf7
{[%clk 0:31:39]} 46. Be5 {[%clk 0:18:15]} Bd5 {[%clk 0:30:01]} 47. Kg3
{[%clk 0:16:25]} b5 {[%clk 0:29:15]} 48. Rc3 {[%clk 0:16:10]} Bc4
{[%clk 0:28:20]} 49. h4 {[%clk 0:16:02]} Ra2 {[%clk 0:28:17]} 50. Rf3+
{[%clk 0:15:30]} Kg8 {[%clk 0:27:38]} 51. Bd6 {[%clk 0:15:46]} Ra8
{[%clk 0:26:03]} 1/2-1/2